000
00298nam a22000977a 4500
008
160418b xxu||||| |||| 00| 0 eng d
100
_a
Thorsen, Harry D., Jr.
245
_a
Boy Scout stamps of the world
260
_a
Chicago
_b
Lithographed [by] Redson-Rice,
_c
1949
650
_a
Topical Collecting | Scouts
999
_c
1920
_d
1920